Essentials of constraint programming
Αποθηκεύτηκε σε:
| Κύριος συγγραφέας: | |
|---|---|
| Άλλοι συγγραφείς: | |
| Μορφή: | Βιβλίο |
| Γλώσσα: | English |
| Δημοσίευση: |
Berlin ; New York :
Springer,
2003
|
| Σειρά: | Cognitive technologies
|
| Θέματα: | |
| Ετικέτες: |
Προσθήκη ετικέτας
Δεν υπάρχουν, Καταχωρήστε ετικέτα πρώτοι!
|
MARC
| LEADER | 00000nam a2200000 i 4500 | ||
|---|---|---|---|
| 001 | 1/69575 | ||
| 008 | 050118s2003 eng d | ||
| 020 | |a 3-540-67623-6 | ||
| 035 | |l 10075987 | ||
| 040 | |a GR-MY-UA |b gre |e aacr | ||
| 041 | 0 | |a eng | |
| 082 | 0 | |a 005.11 |2 (21) | |
| 100 | 1 | |a Fruhwirth, Thom |d 1962- | |
| 245 | 1 | 0 | |a Essentials of constraint programming / |c Thom Fruhwirth, Slim Abdennadher |
| 260 | |a Berlin ; New York : |b Springer, |c 2003 | ||
| 300 | |a ix, 144 σ.; |c 24 εκ. | ||
| 490 | 1 | |a Cognitive technologies | |
| 504 | |a Περιέχει βιβλιογραφικές αναφορές και ευρετήριο | ||
| 650 | 0 | 0 | |a Constraint programming (Computer science) |
| 700 | 1 | |a Adbennadher, Slim |d 1967- | |
| 830 | 0 | |a Cognitive technologies | |
| 852 | |a INST |b SAMOS |e 20050118 |h 005.11 FRU |p 005300022562 |q 005300022562 |t BK |y 0 | ||
| 901 | |a BIBL3-2005-1 | ||
| 909 | |a Σ |b 114130 | ||
| 920 | |a ΔΙΕΥΡΥΝΣΗ |b ΕΠΕΑΕΚ-ΤΜΠΕΣ |y ΣΑΜΟΣ |z 2004-10 | ||
| 970 | |a ΚΟΣΙΕΡΗΣ |b ΧΡΗΣΤΟΣ |z 2005/01/18 | ||